000 00365nam a2200157Ia 4500
008 230711s9999||||xx |||||||||||||| ||und||
041 _aENG
082 _a658
_bSW-Q
100 _aPeter Swann
245 0 _aQuality innovation
250 _a1st Ed.
260 _c1986
_aWestport
_bQuorum Books
300 _a181
650 _aUNIVESITY BUSNIESS SCHOOL
942 _cBK
999 _c1771
_d1771